Statistics for Minecraft Mobs with Naturally Generated Mob Spawners

Click here to take the quiz!

General Stats

  • This quiz has been taken 38 times
  • The average score is 6 of 7

Answer Stats

LocationAnswer% Correct
DungeonSkeleton
94%
Nether FortressBlaze
88%
DungeonZombie
88%
StrongholdSilverfish
85%
MineshaftCave Spider
82%
Dungeon/Woodland MansionSpider
82%
BastionMagma Cube
70%

Score Distribution

Percentile by Number Answered

Percent of People with Each Score

Your Score History

You have not taken this quiz